[Event "Tourn. n7894"]
[Site "www.chess-mail.com"]
[Date "2014.12.17"]
[Round "1"]
[White "Attatroll"]
[Black "Anja"]
[WhiteElo "2030"]
[BlackElo "1930"]
[Result "1-0"]
[Round "1"]
1.e4 d6
2.d4 Ng8f6
3.Nb1c3 g6
4.f3 Bf8g7
5.Bc1e3 O-O
6.Qd1d2 c6
7.Bf1d3 Nb8d7
8.O-O-O d5
9.e5 Nf6e8
10.Ng1h3 Ne8c7
11.Nh3f4 Rf8e8
12.h4 Nd7f8
13.h5 Nc7e6
14.hxg6 fxg6
15.g4 Ne6g5
16.Nf4xg6 Ng5xf3
17.Qd2f2 Bc8xg4
18.Qf2g3 Nf8xg6
19.Qg3xg4 { resign }
1-0

[Event "Tourn. n7860"]
[Site "www.chess-mail.com"]
[Date "2014.12.17"]
[Round "1"]
[White "Jjmcbride"]
[Black "Drdoom"]
[WhiteElo "1680"]
[BlackElo "1670"]
[Result "1/2-1/2"]
[Round "1"]
1.e4 e5
2.Ng1f3 d6
3.d4 Nb8c6
4.d5 Nc6e7
5.h3 Ng8f6
6.Bf1d3 c6
7.c4 a6
8.a4 Bc8d7
9.b4 b5
10.c5 cxd5
11.cxd6 Ne7c8
12.axb5 Bf8xd6
13.Qd1b3 d4
14.Nf3g5 O-O
15.O-O h6
16.Ng5f3 Nc8e7
17.bxa6 Qd8b6
18.b5 Rf8b8
19.Nb1a3 Bd7e6
20.Bd3c4 Be6xc4
21.Na3xc4 Qb6d8
22.Nc4xd6 Qd8xd6
23.Bc1a3 Qd6c7
24.Rf1c1 Qc7d8
25.Nf3xe5 Nf6xe4
26.Ba3xe7 Qd8xe7
27.Ne5c6 Qe7f6
28.f3 Ne4d2
29.Qb3b4 Qf6f4
30.Nc6xb8 Qf4e3
31.Kh2 Qe3f4
32.Kh1 Nd2xf3
33.g3 Qf4xg3
34.Rc1c8 Kh7
35.Qb4b1 g6
36.Qb1xg6 Qg3xg6
{ draw }
1/2-1/2

[Event "Tourn. n7930"]
[Site "www.chess-mail.com"]
[Date "2014.12.17"]
[Round "1"]
[White "Rindrandria"]
[Black "Generalfree"]
[WhiteElo "1460"]
[BlackElo "1680"]
[Result "1-0"]
[Round "1"]
1.g4 e5
2.Ng1h3 b6
3.d4 Bc8b7
4.f3 e4
5.Bf1g2 Qd8h4
6.Nh3f2 exf3
7.exf3 Bf8d6
8.h3 Bd6g3
9.O-O d5
10.c4 dxc4
11.d5 Ng8f6
12.Qd1e2 Kd8
13.Nf2e4 Nf6xe4
14.fxe4 f6
15.Nb1d2 b5
16.Nd2f3 Bg3h2
17.Kxh2 { resign }
1-0

[Event "Tourn. n7796"]
[Site "www.chess-mail.com"]
[Date "2014.12.17"]
[Round "1"]
[White "Julian"]
[Black "Falcoale"]
[WhiteElo "1890"]
[BlackElo "1800"]
[Result "1/2-1/2"]
[Round "1"]
1.e4 c5
2.Ng1f3 Nb8c6
3.c3 e6
4.d4 cxd4
5.cxd4 d5
6.Nb1c3 a6
7.e5 f6
8.Bc1f4 Bf8b4
9.a3 Bb4a5
10.Bf1d3 fxe5
11.Nf3xe5 Nc6xe5
12.Bf4xe5 Ng8f6
13.O-O O-O
14.b4 Ba5b6
15.Ra1c1 Nf6d7
16.Qd1h5 g6
17.Bd3xg6 Qd8e7
18.Bg6b1 Nd7xe5
19.dxe5 Bc8d7
20.Nc3e2 Qe7f7
21.Qh5g5 Qf7g7
22.Qg5h4 Bd7b5
23.Ne2f4 Bb5xf1
24.Kxf1 Rf8xf4
25.Qh4xf4 Ra8f8
26.Qf4g3 Bb6xf2
27.Qg3xg7 Kxg7
28.Rc1c7 Kh8
29.Ke2 Bf2d4
30.Rc7xh7 Kg8
31.Rh7xb7 Bd4xe5
32.h3 Be5g3
33.Bb1h7 Kh8
34.Ke3 e5
35.Bh7d3 e4
36.Bd3xa6 Rf8f2
37.Rb7d7 Rf2xg2
38.Rd7xd5 Rg2a2
39.Rd5h5 Kg7
40.Rh5g5 Kf6
41.Rg5a5 Bg3e1
42.Kxe4 Be1xb4
43.Ra5f5 Kg6
44.Rf5f3 Ra2xa3
45.Rf3xa3 Bb4xa3
46.Ba6c8 { draw }
1/2-1/2

[Event "Tourn. n7882"]
[Site "www.chess-mail.com"]
[Date "2014.12.17"]
[Round "1"]
[White "Falcoale"]
[Black "Oxycontin"]
[WhiteElo "2070"]
[BlackElo "1990"]
[Result "0-1"]
[Round "1"]
1.e4 Ng8f6
2.e5 Nf6d5
3.d4 d6
4.c4 Nd5b6
5.Ng1f3 dxe5
6.Nf3xe5 Nb8c6
7.Ne5xc6 bxc6
8.Bc1e3 g6
9.Bf1e2 Bf8g7
10.Nb1c3 O-O
11.Be2f3 Bc8b7
12.Qd1d2 Nb6xc4
13.Qd2c2 Bg7xd4
14.Ra1d1 Nc4xe3
15.Qc2c1 Bd4xc3
16.Qc1xc3 Ne3xd1
17.Bf3xd1 Bb7a6
18.Qc3xc6 Qd8d3
{ resign }
0-1

[Event "Tourn. n7851"]
[Site "www.chess-mail.com"]
[Date "2014.12.17"]
[Round "1"]
[White "Cardiff"]
[Black "Falcoale"]
[WhiteElo "2090"]
[BlackElo "2080"]
[Result "1/2-1/2"]
[Round "1"]
1.e4 c5
2.Nb1c3 Nb8c6
3.g3 e6
4.Bf1g2 Ng8f6
5.Ng1e2 Ra8b8
6.a4 Bf8e7
7.O-O O-O
8.d4 cxd4
9.Ne2xd4 Nc6xd4
10.Qd1xd4 b6
11.Bc1e3 Bc8b7
12.e5 Be7c5
13.Qd4d2 Bb7xg2
14.Kxg2 Bc5xe3
15.Qd2xe3 Nf6e8
16.Ra1d1 f5
17.f4 Ne8c7
18.Rd1d6 Rf8f7
19.Rf1d1 Rf7e7
20.Nc3b5 a6
21.Nb5xc7 Qd8xc7
22.c3 b5
23.axb5 Rb8xb5
24.Kg1 a5
25.Qe3e2 Qc7b7
26.Rd1d2 a4
27.Qe2d1 Qb7a7
28.Kg2 Rb5b7
29.Qd1c2 Rb7c7
30.Rd6d4 a3
31.bxa3 Qa7xa3
32.c4 Kf7
33.Qc2d1 Qa3a8
34.Kg1 Qa8c6
35.Rd2d3 Ke8
36.Rd3c3 { draw }
1/2-1/2

[Event "Tourn. n7908"]
[Site "www.chess-mail.com"]
[Date "2014.12.17"]
[Round "1"]
[White "Cristero"]
[Black "Cardiff"]
[WhiteElo "2020"]
[BlackElo "2080"]
[Result "1-0"]
[Round "1"]
1.Ng1f3 c5
2.c4 Nb8c6
3.g3 e5
4.d3 d6
5.Bf1g2 Ng8f6
6.Nb1c3 Bf8e7
7.O-O O-O
8.Bc1g5 a6
9.a4 Bc8e6
10.Nf3d2 Qd8d7
11.Bg5xf6 Be7xf6
12.Nc3d5 Be6xd5
13.Bg2xd5 Nc6e7
14.Bd5g2 Ra8b8
15.Nd2e4 Qd7e6
16.Ne4c3 Ne7c6
17.Nc3d5 Rb8c8
18.Ra1b1 g6
19.f4 exf4
20.Rf1xf4 Bf6g7
21.b4 cxb4
22.Nd5xb4 Bg7d4
23.Kh1 Bd4e5
24.Bg2xc6 Be5xf4
25.Bc6xb7 Bf4e3
26.Bb7xc8 Qe6xc8
27.Nb4d5 Be3g5
28.Qd1f1 Qc8c6
29.Rb1b6 Qc6c5
30.Rb6xa6 Qc5d4
31.Ra6xd6 Qd4a7
32.Nd5f6 Kg7
33.Nf6e4 Bg5e7
34.Rd6d5 Qa7xa4
35.Kg2 f5
36.Ne4c3 Qa4b4
37.Qf1a1 Be7f6
38.Rd5d7 Kh6
39.Qa1a7 Qb4xc3
40.Rd7xh7 Kg5
41.Qa7e3 { resign }
1-0

[Event "Tourn. n7647"]
[Site "www.chess-mail.com"]
[Date "2014.12.17"]
[Round "1"]
[White "Falcoale"]
[Black "Alvarin111"]
[WhiteElo "1810"]
[BlackElo "2050"]
[Result "1/2-1/2"]
[Round "1"]
1.e4 e6
2.d4 a6
3.Ng1f3 d6
4.Nb1c3 c6
5.a4 Bf8e7
6.Bf1c4 Ng8f6
7.O-O O-O
8.Bc4b3 Qd8c7
9.h3 Nb8d7
10.Rf1e1 e5
11.d5 Nd7b6
12.dxc6 bxc6
13.Bc1d2 Bc8b7
14.Re1e3 Ra8d8
15.Qd1e1 c5
16.Ra1c1 h6
17.Nc3d5 Nb6xd5
18.exd5 Nf6xd5
19.Re3e2 Nd5f4
20.Bd2xf4 Bb7xf3
21.gxf3 c4
22.Bf4g3 cxb3
23.cxb3 Qc7b7
24.Re2e3 f5
25.Re3c3 f4
26.Bg3h2 Rd8d7
27.Qe1e2 Qb7d5
28.Rc1d1 Qd5e6
29.Bh2xf4 Rf8xf4
30.Qe2f1 Be7f6
31.Rc3d3 Rf4h4
32.f4 exf4
33.Qf1g2 Rh4h5
34.Kf1 Bf6xb2
35.Qg2f3 Bb2e5
36.Qf3xh5 Rd7c7
37.b4 Rc7c2
38.b5 axb5
39.axb5 Qe6c8
40.b6 Qc8a8
41.Qh5f3 Qa8xf3
42.Rd3xf3 Rc2b2
43.Rd1c1 Rb2xb6
44.Rc1c8 Kf7
45.Rf3a3 Ke6
46.Ra3a7 f3
47.Rc8c1 Rb6b4
48.Rc1e1 Rb4h4
49.Ra7xg7 Rh4xh3
50.Re1e3 Kf5
51.Rg7f7 Kg4
52.Ke1 Rh3h1
53.Kd2 Be5f4
54.Kd3 Bf4xe3
55.Kxe3 Rh1e1
56.Kd3 Re1e2
57.Rf7f6 h5
58.Rf6xd6 Re2xf2
59.Rd6f6 h4
60.Rf6g6 Kf4
61.Rg6f6 Kg5
62.Rf6f8 h3
63.Ke3 h2
64.Rf8h8 Rf2f1
65.Rh8xh2 Kg4
66.Rh2h8 Kg3
67.Rh8g8 Kh2
68.Rg8h8 Kg1
69.Rh8g8 Kh1
70.Rg8h8 Kg2
71.Rh8g8 Kh3
72.Rg8h8 Kg4
73.Rh8g8 Kf5
74.Rg8f8 Ke5
75.Rf8xf3 Rf1xf3
76.Kxf3 { draw }
1/2-1/2

[Event "Tourn. n7741"]
[Site "www.chess-mail.com"]
[Date "2014.12.17"]
[Round "1"]
[White "Krystek23"]
[Black "Winterlude"]
[WhiteElo "2410"]
[BlackElo "2550"]
[Result "0-1"]
[Round "1"]
1.c4 Nb8c6
2.Nb1c3 e5
3.b3 Ng8f6
4.g3 d5
5.cxd5 Nf6xd5
6.Bc1b2 Nd5xc3
7.Bb2xc3 Bc8f5
8.Bf1g2 Qd8d7
9.d3 f6
10.h4 O-O-O
11.Qd1d2 Kb8
12.a4 Qd7e6
13.Kf1 Qe6xb3
14.Bg2xc6 bxc6
15.h5 e4
16.d4 Ka8
17.Qd2c1 Qb3d5
18.Rh1h2 Rd8b8
19.Rh2h4 Bf8d6
20.Bc3e1 Rb8b3
21.e3 Bf5c8
22.Kg2 Bc8a6
23.Qc1d1 Rh8b8
24.Rh4g4 Qd5f7
25.Rg4xe4 Rb3d3
26.Qd1f3 Ba6c4
27.Ra1d1 Rd3xd1
28.Qf3xd1 Bc4d5
29.f3 Qf7xh5
30.Qd1c2 g5
31.Be1f2 Rb8b4
32.Re4g4 Qh5xg4
33.e4 Qg4d7
34.exd5 cxd5
35.Ng1e2 Rb4xa4
36.Ne2c3 Ra4c4
37.Qc2d3 Bd6b4
38.Nc3d1 a5
39.Nd1e3 Rc4c1
40.Qd3e2 Qd7c6
41.Qe2b2 Bb4d6
42.Qb2a2 a4
43.Qa2d2 Rc1b1
44.f4 a3
45.Ne3c2 Qc6a6
46.Bf2e1 a2
47.fxg5 fxg5
48.Qd2xg5 Qa6e2
49.Be1f2 Qe2f1
{ resign }
0-1

[Event "Tourn. n7924"]
[Site "www.chess-mail.com"]
[Date "2014.12.17"]
[Round "1"]
[White "Fractal"]
[Black "Attatroll"]
[WhiteElo "1970"]
[BlackElo "2020"]
[Result "0-1"]
[Round "1"]
1.e4 e6
2.d4 d5
3.Nb1c3 dxe4
4.Nc3xe4 Bc8d7
5.Ng1f3 Bd7c6
6.Bf1d3 Bc6xe4
7.Bd3xe4 c6
8.O-O Ng8f6
9.Be4d3 Bf8d6
10.h3 O-O
11.Bc1g5 h6
12.Bg5e3 Nf6d5
13.a3 Nb8d7
14.c4 Nd5xe3
15.fxe3 Nd7f6
16.b4 a5
17.c5 Bd6c7
18.Nf3e1 Nf6d5
19.Qd1d2 axb4
20.Ne1f3 bxa3
21.Rf1c1 Bc7a5
22.Qd2e2 Nd5c3
23.Qe2f2 Ba5b4
24.Rc1c2 Nc3d5
25.Nf3d2 Bb4c3
26.Ra1c1 a2
{ resign }
0-1

[Event "Tourn. n7748"]
[Site "www.chess-mail.com"]
[Date "2014.12.17"]
[Round "1"]
[White "Madz123456"]
[Black "Asoka"]
[WhiteElo "2280"]
[BlackElo "2660"]
[Result "1/2-1/2"]
[Round "1"]
1.e4 e6
2.d4 d5
3.Nb1c3 Ng8f6
4.Bc1g5 Bf8e7
5.e5 Nf6d7
6.Bg5xe7 Qd8xe7
7.f4 O-O
8.Ng1f3 c5
9.Qd1d2 cxd4
10.Nf3xd4 Nb8c6
11.O-O-O Nc6xd4
12.Qd2xd4 a6
13.Bf1d3 Qe7c5
14.Nc3e2 b5
15.Kb1 b4
16.Rd1c1 Qc5xd4
17.Ne2xd4 Nd7c5
18.Rh1d1 a5
19.c3 Nc5xd3
20.Rd1xd3 Bc8a6
21.Rd3d2 bxc3
22.Rc1xc3 a4
23.g4 h6
24.f5 Ra8e8
25.Rc3c6 Ba6f1
26.fxe6 fxe6
27.Rc6xe6 Bf1h3
28.Re6a6 Rf8f1
29.Kc2 Re8c8
30.Kd3 Rf1f4
31.Ra6d6 Bh3f1
32.Ke3 Rf4e4
33.Kf3 Rc8f8
34.Nd4f5 Re4xe5
35.Kf4 Re5e4
36.Kg3 h5
37.Rd6g6 h4
38.Kf3 Rf8f7
39.Rd2xd5 Re4b4
40.Ke3 Rb4xb2
{ draw }
1/2-1/2

[Event "Tourn. n7912"]
[Site "www.chess-mail.com"]
[Date "2014.12.17"]
[Round "1"]
[White "Norlavuaram"]
[Black "Krasin"]
[WhiteElo "2150"]
[BlackElo "2260"]
[Result "1/2-1/2"]
[Round "1"]
1.e4 c5
2.Ng1f3 Nb8c6
3.g3 e6
4.Bf1g2 d5
5.exd5 exd5
6.O-O Bf8e7
7.d4 Ng8f6
8.dxc5 O-O
9.Bc1e3 Nf6g4
10.Rf1e1 Ng4xe3
11.Re1xe3 Be7xc5
12.Re3e1 Bc8g4
13.c3 Qd8d6
14.Nb1d2 Ra8e8
15.Qd1c2 Re8e6
16.Nd2b3 Bc5b6
17.Nb3d4 Nc6xd4
18.Nf3xd4 Bb6xd4
19.cxd4 Rf8e8
20.Re1xe6 fxe6
21.Ra1c1 e5
22.dxe5 Qd6xe5
23.h3 Bg4f5
24.Qc2d2 Bf5e4
25.Rc1e1 Qe5b8
26.Bg2xe4 dxe4
27.Qd2d5 Kh8
28.Re1xe4 Re8xe4
29.Qd5xe4 h6
30.Kg2 Qb8c7
31.b4 b6
32.a4 a5
33.b5 Qc7c5
34.Qe4e8 Kh7
35.Qe8c6 Qc5d4
36.Qc6c2 Kh8
37.h4 Qd4d5
38.Kf1 Qd5h1
39.Ke2 Qh1d5
40.f3 Qd5d6
41.Kf2 Qd6d4
42.Kg2 Qd4e3
43.Qc2c8 Kh7
44.Qc8c2 { draw }
1/2-1/2

[Event "Tourn. n7916"]
[Site "www.chess-mail.com"]
[Date "2014.12.17"]
[Round "1"]
[White "Neo"]
[Black "Hugol"]
[WhiteElo "1790"]
[BlackElo "1880"]
[Result "0-1"]
[Round "1"]
1.d4 Ng8f6
2.e3 d5
3.g3 Nb8c6
4.Bf1g2 Bc8g4
5.Ng1e2 e6
6.O-O Bf8d6
7.Nb1c3 O-O
8.a3 Rf8e8
9.b4 a6
10.Qd1d3 Bg4f5
11.Qd3d2 h6
12.Nc3a4 Qd8d7
13.Na4c5 Bd6xc5
14.bxc5 Nf6e4
15.Bg2xe4 Bf5xe4
16.c3 e5
17.dxe5 Nc6xe5
18.Ne2d4 Be4f3
19.Qd2c2 Qd7h3
20.Nd4xf3 Ne5xf3
21.Kh1 Qh3xf1

0-1

[Event "Tourn. n7914"]
[Site "www.chess-mail.com"]
[Date "2014.12.17"]
[Round "1"]
[White "Stevo100"]
[Black "Hundegana"]
[WhiteElo "1970"]
[BlackElo "1920"]
[Result "1-0"]
[Round "1"]
1.d4 c5
2.e3 cxd4
3.exd4 Ng8f6
4.Ng1f3 d6
5.Bf1c4 e6
6.c3 d5
7.Bc4d3 a6
8.Bc1g5 Bf8e7
9.O-O Nb8c6
10.Nb1d2 b5
11.Qd1c2 Ra8a7
12.Rf1e1 h6
13.Bg5xf6 gxf6
14.b3 Kd7
15.c4 Ra7c7
16.Qc2b2 Nc6b4
17.Bd3e2 Bc8b7
18.cxb5 axb5
19.Be2xb5 Bb7c6
20.Bb5e2 h5
21.a3 h4
22.h3 Nb4c2
23.Qb2xc2 Qd8a8
24.b4 Bc6a4
25.Qc2b2 Be7d6
26.Nd2b3 Ba4xb3
27.Qb2xb3 Ke7
28.Ra1c1 Rc7a7
29.Rc1c3 Kd7
30.Be2b5 Ke7
31.Re1c1 f5
32.Bb5c6 Qa8b8
33.Rc1e1 Kf6
34.Nf3e5 Bd6xe5
35.dxe5 Kg6
36.Qb3c2 Rh8h5
37.g4 Rh5g5
38.Kh1 Kh6
39.f4 Rg5g7
40.gxf5 Qb8f8
41.Qc2f2 Rg7g3
42.Rc3xg3 hxg3
43.Qf2xg3 Qf8g7
44.Qg3h4 
1-0

[Event "Tourn. n7822"]
[Site "www.chess-mail.com"]
[Date "2014.12.17"]
[Round "1"]
[White "Hugol"]
[Black "Geretree"]
[WhiteElo "1740"]
[BlackElo "1800"]
[Result "1-0"]
[Round "1"]
1.e4 e5
2.Ng1f3 Nb8c6
3.Bf1c4 h6
4.d4 exd4
5.Nf3xd4 Qd8f6
6.Bc1e3 Bf8c5
7.c3 Nc6e5
8.Bc4b3 d6
9.O-O Bc8g4
10.Qd1d2 Bc5xd4
11.Be3xd4 Qf6g5
12.f4 Ne5f3
13.Rf1xf3 Qg5g6
14.Rf3g3 h5
15.h3 O-O-O
16.hxg4 h4
17.Rg3h3 Qg6xg4
18.Qd2f2 Ng8f6
19.Bd4xf6 gxf6
20.Qf2xa7 Rh8g8
21.Rh3h2 Qg4xf4
22.Bb3xf7 Qf4xe4
23.Nb1a3 Rg8g7
24.Bf7h5 Rd8g8
25.Qa7f2 h3
26.Bh5f3 Qe4e5
27.Rh2xh3 Qe5e6
28.Rh3h2 c6
29.b4 Qe6e5
30.Qf2d4 Qe5e7
31.Ra1d1 Kc7
32.b5 c5
33.Qd4d5 Rg7g5
34.Qd5xb7 Kd8
35.Qb7xe7 Kxe7
36.b6 Kd7
37.Rh2h7 Kc8
38.Rd1xd6 Rg5f5
39.b7 Kb8
40.Rd6a6 Rf5xf3
41.Ra6a8 { resign }
1-0

[Event "Tourn. n7875"]
[Site "www.chess-mail.com"]
[Date "2014.12.17"]
[Round "1"]
[White "Bigoak"]
[Black "Churrasca"]
[WhiteElo "2000"]
[BlackElo "2100"]
[Result "0-1"]
[Round "1"]
1.e4 c5
2.Nb1c3 Nb8c6
3.f4 e6
4.Ng1f3 d5
5.exd5 exd5
6.Bf1b5 Ng8f6
7.d4 cxd4
8.Nf3xd4 Bc8d7
9.O-O Bf8e7
10.Bc1e3 O-O
11.f5 a6
12.Bb5a4 Rf8e8
13.Be3g5 Qd8b6
14.Bg5e3 Qb6xb2
15.Nd4e2 Nf6g4
16.Be3c1 Qb2b6
17.Kh1 Ng4f2
18.Rf1xf2 Qb6xf2
19.Qd1xd5 Ra8d8
20.Bc1b2 Be7f6
21.Qd5f3 Qf2c5
22.Ra1f1 b5
23.Ba4b3 Nc6e5
24.Qf3h5 Ne5c4
25.Bb3xc4 Qc5xc4
26.Rf1f4 Qc4xf4
{ resign }
0-1

[Event "Tourn. n7892"]
[Site "www.chess-mail.com"]
[Date "2014.12.17"]
[Round "1"]
[White "Hugol"]
[Black "Jjmcbride"]
[WhiteElo "1830"]
[BlackElo "1730"]
[Result "1-0"]
[Round "1"]
1.e4 e5
2.Ng1f3 d6
3.d4 exd4
4.Nf3xd4 c5
5.Bf1b5 Bc8d7
6.Bb5xd7 Qd8xd7
7.Nd4f3 Qd7b5
8.Nb1c3 Qb5d7
9.Bc1f4 f6
10.Qd1d5 a6
11.O-O-O Ng8e7
12.Qd5xd6 g5
13.Qd6xd7 Nb8xd7
14.Bf4d6 Ra8c8
15.Nc3a4 b5
16.Na4c3 Nd7b6
17.e5 Nb6c4
18.exf6 Nc4xd6
19.Rd1xd6 Ne7g6
20.Rd6xa6 Rc8d8
21.Ra6a7 Bf8d6
22.Rh1e1 Kf8
23.Nc3xb5 Rd8e8
24.Nb5xd6 Re8d8
25.Nd6f7 Rd8b8
26.Nf7xh8 Ng6xh8
27.Ra7xh7 Nh8f7
28.Re1e7 Rb8e8
29.Re7xf7 Kg8
30.Rf7g7 Kf8
31.Rh7h8 { resign }
1-0

[Event "Match"]
[Site "www.echecsemail.com"]
[Date "2014.12.17"]
[Round "1"]
[White "Bertel"]
[Black "Micheles"]
[WhiteElo "2380"]
[BlackElo "2590"]
[Result "0-1"]
[Round "1"]
1.d4 Ng8f6
2.c4 g6
3.Nb1c3 d5
4.cxd5 Nf6xd5
5.e4 Nd5xc3
6.bxc3 Bf8g7
7.Bc1g5 c5
8.Ra1c1 O-O
9.Ng1f3 Bc8g4
10.d5 Qd8d6
11.Bf1e2 e6
12.O-O exd5
13.Qd1xd5 Qd6xd5
14.exd5 Rf8e8
15.Be2b5 Nb8d7
16.h3 Bg4xf3
17.Bb5xd7 Re8e5
{ resign }
0-1

[Event "Match"]
[Site "www.echecsemail.com"]
[Date "2014.12.17"]
[Round "1"]
[White "Arnpriorite"]
[Black "Silent1"]
[WhiteElo "2170"]
[BlackElo "1830"]
[Result "1-0"]
[Round "1"]
1.e4 e5
2.Ng1f3 d6
3.Bf1c4 Bf8e7
4.O-O Ng8f6
5.d3 O-O
6.Nb1d2 Bc8g4
7.c3 Nb8d7
8.Qd1b3 Nd7c5
9.Qb3c2 a6
10.a3 Bg4xf3
11.Nd2xf3 Qd8d7
12.b4 Nc5e6
13.h3 b5
14.Bc4a2 Ne6d8
15.Bc1e3 Nd8b7
16.d4 c5
17.dxe5 dxe5
18.Nf3xe5 Qd7c8
19.Ra1c1 c4
20.Rc1d1 Be7d6
21.Be3d4 Bd6xe5
22.Bd4xe5 Qc8e6
23.f4 Qe6b6
24.Be5d4 Qb6c6
25.Ba2b1 g6
26.e5 Nf6h5
27.f5 Nh5g3
28.fxg6 Ng3xf1
29.g7 { resign }
1-0

[Event "Match"]
[Site "www.echecsemail.com"]
[Date "2014.12.17"]
[Round "1"]
[White "Nimzo"]
[Black "Hajota"]
[WhiteElo "2640"]
[BlackElo "2469"]
[Result "1/2-1/2"]
[Round "1"]
1.d4 Ng8f6
2.c4 e6
3.Ng1f3 Bf8b4
4.Bc1d2 Qd8e7
5.g3 Bb4xd2
6.Qd1xd2 Nb8c6
7.a3 d5
8.Qd2c3 dxc4
9.Bf1g2 e5
10.dxe5 Nf6g4
11.h3 Ng4xe5
12.Nf3xe5 Nc6xe5
13.f4 Ne5d3
14.Kf1 Nd3c5
15.Qc3xg7 Rh8f8
16.Nb1c3 c6
17.Qg7xh7 Bc8d7
18.Ra1d1 O-O-O
19.Qh7h5 f5
20.Qh5f3 Rf8f7
21.h4 Rd8g8
22.Bg2h3 Rf7g7
23.Rh1g1 Kb8
24.Qf3f2 Bd7c8
25.Rg1g2 b5
26.Kg1 a5
27.Kh2 Kb7
28.Rg2g1 Rg7g6
{ draw }
1/2-1/2

[Event "Match"]
[Site "www.echecsemail.com"]
[Date "2014.12.17"]
[Round "1"]
[White "Holmjb"]
[Black "Amaya"]
[WhiteElo "2220"]
[BlackElo "1890"]
[Result "1/2-1/2"]
[Round "1"]
1.c4 e5
2.Nb1c3 c5
3.g3 Nb8c6
4.Bf1g2 Ng8e7
5.Ng1f3 g6
6.O-O Bf8g7
7.e4 d6
8.d3 O-O
9.a3 Bc8g4
10.Bc1e3 Nc6d4
11.Be3xd4 cxd4
12.Nc3d5 Ne7xd5
13.cxd5 Ra8c8
14.h3 Bg4xf3
15.Bg2xf3 Bg7h6
16.Bf3g4 Rc8c5
17.b4 Rc5c3
18.Rf1e1 Qd8c7
19.Bg4e2 Rf8c8
20.Be2g4 Rc8f8
21.Kg2 f5
22.exf5 gxf5
23.Bg4f3 Rf8c8
24.a4 Rc3c2
25.Re1e2 Rc2c3
26.g4 Bh6f4
27.Kh1 Rc3c2
28.gxf5 Rc2xe2
29.Bf3xe2 Kh8
30.Be2g4 Qc7c2
31.Qd1xc2 Rc8xc2
32.Kg1 Kg7
33.b5 Bf4d2
34.Bg4f3 Bd2c3
35.Ra1a3 Rc2d2
36.Bf3e4 Rd2d1
37.Kg2 Bc3e1
38.Ra3a2 Kf6
39.Ra2c2 Be1c3
40.Rc2a2 h5
41.h4 Rd1d2
42.Ra2xd2 Bc3xd2
43.Kf1 b6
44.Kg2 { draw }
1/2-1/2

[Event "Match"]
[Site "www.echecsemail.com"]
[Date "2014.12.17"]
[Round "1"]
[White "Chtoubidou"]
[Black "Lautreamont"]
[WhiteElo "1850"]
[BlackElo "1499"]
[Result "0-1"]
[Round "1"]
1.e4 c5
2.Nb1c3 Nb8c6
3.g3 g6
4.Bf1g2 Bf8g7
5.Ng1e2 d6
6.O-O e6
7.d3 Ng8e7
8.Bc1e3 Nc6d4
9.f4 O-O
10.Qd1d2 Ra8b8
11.Ra1b1 Ne7c6
12.Nc3d1 d5
13.c3 Nd4xe2
14.Qd2xe2 d4
15.cxd4 Nc6xd4
16.Be3xd4 Bg7xd4
17.Kh1 Qd8a5
18.a3 b5
19.Qe2e1 b4
20.axb4 Rb8xb4
21.g4 Bc8a6
{ resign }
0-1

[Event "Match"]
[Site "www.echecsemail.com"]
[Date "2014.12.17"]
[Round "1"]
[White "Staf"]
[Black "Yakke"]
[WhiteElo "1160"]
[BlackElo "1780"]
[Result "0-1"]
[Round "1"]
1.Nb1a3 c5
2.e3 d5
3.Bf1b5 Bc8d7
4.Bb5d3 e5
5.Na3b1 Bd7e6
6.Bd3f1 Nb8c6
7.g3 Ng8f6
8.b3 Bf8d6
9.Nb1c3 a6
10.d3 O-O
11.h4 Nf6g4
12.f3 Ng4h6
13.g4 Qd8a5
14.Bc1b2 d4
15.Ke2 dxc3
16.Bb2c1 Nc6b4
17.Bf1g2 Be6d5
18.e4 Bd5e6
19.g5 Nh6g4
20.fxg4 Be6xg4
21.Bg2f3 Nb4xa2
22.Bc1e3 Bg4e6
23.Qd1b1 Be6xb3
24.cxb3 Qa5b4
25.Ra1xa2 a5
26.Ng1h3 b5
27.Be3c1 Qb4d4
28.Bc1e3 Qd4b4
29.Bf3g4 c4
30.Kf3 cxb3
31.Ra2g2 a4
32.Qb1e1 b2
33.Rg2c2 a3
34.Qe1xc3 b1Q
35.Rh1xb1 Qb4xb1
36.Rc2c1 a2
37.Rc1xb1 axb1Q
38.Qc3c6 Qb1h1
39.Ke2 Ra8a2
40.Be3d2 Qh1g2
41.Ke3 Qg2xd2
42.Kf3 Qd2g2
43.Ke3 Qg2g3
44.Bg4f3 Qg3e1
45.Bf3e2 Qe1xe2

0-1

[Event "Match"]
[Site "www.echecsemail.com"]
[Date "2014.12.17"]
[Round "1"]
[White "Pinehill"]
[Black "Norbos"]
[WhiteElo "1680"]
[BlackElo "1660"]
[Result "1-0"]
[Round "1"]
1.e4 e5
2.d4 Bf8d6
3.Ng1f3 Nb8c6
4.c3 Ng8f6
5.Bc1g5 h6
6.Bg5h4 O-O
7.Nb1d2 exd4
8.cxd4 Qd8e8
9.Bh4xf6 gxf6
10.Bf1c4 Nc6b4
11.O-O c6
12.a3 Nb4a6
13.Nf3h4 b5
14.Nh4f5 Bd6f4
15.Qd1g4 Kh7
16.Qg4g7 { resign }
1-0

[Event "Match"]
[Site "www.echecsemail.com"]
[Date "2014.12.17"]
[Round "1"]
[White "Spankstella"]
[Black "Schwiizer"]
[WhiteElo "2260"]
[BlackElo "2620"]
[Result "0-1"]
[Round "1"]
1.d4 Ng8f6
2.Nb1c3 d5
3.e4 dxe4
4.f3 exf3
5.Ng1xf3 e6
6.Bc1g5 Bf8e7
7.Bf1c4 a6
8.a4 O-O
9.O-O Nb8c6
10.Qd1d2 b6
11.Ra1e1 Bc8b7
12.Bg5e3 Nc6b4
13.Nf3e5 c5
14.Re1d1 Qd8c7
15.Ne5f3 cxd4
16.Be3xd4 Bb7xf3
17.Rf1xf3 Ra8d8
18.Qd2e2 Rd8xd4
19.Rd1xd4 Be7c5
20.Rf3f4 Qc7xf4
{ resign }
0-1

[Event "Match"]
[Site "www.echecsemail.com"]
[Date "2014.12.17"]
[Round "1"]
[White "Wagner"]
[Black "Hansen"]
[WhiteElo "1670"]
[BlackElo "1460"]
[Result "1-0"]
[Round "1"]
1.e4 d5
2.e5 d4
3.g4 f5
4.f4 Nb8c6
5.c3 Ng8h6
6.h3 a6
7.g5 Nh6f7
8.Bf1c4 e6
9.Ng1f3 Bf8c5
10.b4 Bc5b6
11.Qd1a4 dxc3
12.Nb1xc3 Bc8d7
13.b5 Nc6a5
14.Bc1a3 c6
15.Bc4xe6 cxb5
16.g6 bxa4
17.gxf7 { resign }
1-0

[Event "Match"]
[Site "www.echecsemail.com"]
[Date "2014.12.17"]
[Round "1"]
[White "Stoper"]
[Black "Micheles"]
[WhiteElo "1809"]
[BlackElo "2590"]
[Result "1-0"]
[Round "1"]
1.d4 Ng8f6
2.c4 g6
3.Nb1c3 d5
4.cxd5 Nf6xd5
5.e4 Nd5xc3
6.bxc3 Bf8g7
7.Ng1f3 c5
8.Ra1b1 O-O
9.Bf1e2 cxd4
10.cxd4 Qd8a5
11.Bc1d2 Qa5xa2
12.O-O b6
13.Qd1c1 Bc8b7
14.Be2c4 Qa2a4
15.Bc4b5 Qa4a2
16.Bb5c4 Qa2a4
17.Bc4b5 Qa4a2
18.Rf1e1 Rf8c8
19.Qc1d1 Qa2c2
20.Qd1e2 Qc2c7
21.Re1c1 Qc7d8
22.Rc1xc8 Qd8xc8
23.Rb1c1 Qc8d8
24.Bd2f4 a6
25.Bb5a4 b5
26.Ba4b3 Nb8c6
27.Bb3xf7 Kh8
28.d5 Nc6d4
29.Nf3xd4 Bg7xd4
30.Rc1c7 Ra8b8
31.Qe2e3 Bd4f6
32.h3 g5
33.Bf4g3 Bb7c8
34.Qe3a7  { time }
1-0

[Event "Match"]
[Site "www.echecsemail.com"]
[Date "2014.12.17"]
[Round "1"]
[White "Kantimousse"]
[Black "Generalfree"]
[WhiteElo "1640"]
[BlackElo "1850"]
[Result "1-0"]
[Round "1"]
1.e4 e5
2.Ng1f3 Nb8c6
3.Bf1c4 Ng8f6
4.Nf3g5 d5
5.exd5 Nc6a5
6.Bc4b5 c6
7.dxc6 bxc6
8.Bb5d3 h6
9.Ng5e4 Nf6xe4
10.Bd3xe4 Bf8c5
11.O-O f5
12.Qd1h5 Kf8
13.Be4xf5 Bc8a6
14.d3 Qd8f6
15.Nb1c3 g5
16.Nc3e4 Qf6xf5
17.Ne4xc5 Ba6c8
18.Nc5e4 g4
19.Bc1xh6 Ke7
20.Bh6g5 { resign }
1-0

[Event "Match"]
[Site "www.echecsemail.com"]
[Date "2014.12.17"]
[Round "1"]
[White "Apoorva"]
[Black "Kermet"]
[WhiteElo "2150"]
[BlackElo "2540"]
[Result "0-1"]
[Round "1"]
1.d4 Ng8f6
2.c4 e6
3.Nb1c3 Bf8b4
4.Qd1b3 c5
5.dxc5 Nb8c6
6.Bc1d2 O-O
7.e3 Bb4xc5
8.a3 d5
9.cxd5 exd5
10.Ng1f3 d4
11.exd4 Nc6xd4
12.Nf3xd4 Bc5xd4
13.O-O-O Bc8e6
14.Bf1c4 Be6xc4
15.Qb3xc4 Ra8c8
16.Qc4b3 Nf6e4
17.Kb1 Ne4xf2
18.Bd2e3 Nf2xd1
19.Rh1xd1 Qd8b6
20.Qb3xb6 Bd4xb6
21.Be3xb6 axb6
22.Rd1d7 Rf8d8
23.Rd7xb7 Rd8d2
24.Rb7xb6 Rd2xg2
25.h4 f5
26.a4 f4
27.Rb6b4 f3
28.Rb4f4 f2
29.Ka2 Rc8f8
{ resign }
0-1

[Event "Match"]
[Site "www.echecsemail.com"]
[Date "2014.12.17"]
[Round "1"]
[White "Pare123"]
[Black "Generalfree"]
[WhiteElo "2010"]
[BlackElo "1860"]
[Result "1-0"]
[Round "1"]
1.c4 e5
2.Nb1c3 c6
3.Ng1f3 f6
4.e4 d6
5.Bf1e2 Bc8e6
6.O-O a6
7.b3 h6
8.Nf3h4 Ng8e7
9.Be2h5 Be6f7
10.Bh5xf7 Kxf7
11.Rf1e1 g6
12.d4 Nb8d7
13.Qd1g4 h5
14.Qg4d1 Bf8h6
15.d5 Bh6xc1
16.Ra1xc1 g5
17.Nh4f5 Ne7xf5
18.exf5 c5
19.Nc3e4 Ke7
20.a4 a5
21.Qd1f3 b6
22.h3 h4
23.Qf3g4 Qd8g8
24.Ne4c3 Ra8b8
25.Nc3b5 Rb8b7
26.Re1e4 Qg8h7
27.Rc1f1 Qh7h5
28.Rf1e1 Qh5xg4
29.Re4xg4 Rh8h6
30.f4 gxf4
31.Rg4xf4 Rh6h5
32.Rf4g4 Rh5h7
33.Re1e4 Rh7h5
34.Rg4xh4 Rh5xh4
35.Re4xh4 Rb7b8
36.Rh4h7 Kd8
37.Nb5xd6 Nd7f8
38.Rh7f7 Nf8d7
39.g4 { resign }
1-0

[Event "Match"]
[Site "www.echecsemail.com"]
[Date "2014.12.17"]
[Round "1"]
[White "Pare123"]
[Black "Stevo100"]
[WhiteElo "2010"]
[BlackElo "2010"]
[Result "0-1"]
[Round "1"]
1.c4 e5
2.Nb1c3 Nb8c6
3.Ng1f3 Ng8f6
4.e4 Bf8b4
5.d3 Bb4xc3
6.bxc3 h6
7.Bf1e2 d6
8.O-O O-O
9.a4 Bc8d7
10.Bc1e3 Qd8e7
11.h3 Nc6a5
12.Qd1c2 a6
13.d4 exd4
14.cxd4 Nf6xe4
15.c5 Rf8e8
16.Be2d3 d5
17.Nf3e5 Ne4f6
18.Qc2d2 Na5c6
19.f4 Nf6e4
20.Qd2c2 Nc6b4
21.Qc2b3 Nb4xd3
22.Qb3xd3 b5
23.a5 Bd7f5
24.g4 Bf5h7
25.f5 f6
26.Ne5g6 Bh7xg6
27.fxg6 Ne4xc5
28.dxc5 Qe7xe3
29.Qd3xe3 Re8xe3
30.c6 Re3xh3
31.Kg2 Rh3e3
32.Rf1d1 Ra8d8
33.Ra1c1 d4
34.Kf2 Re3a3
35.Rc1a1 Ra3a4
36.Ra1xa4 bxa4
37.Rd1d3 Kf8
38.Kf3 Ke7
39.Ke4 Ke6
40.Rd3a3 d3
41.Ra3a1 d2
42.Ra1d1 a3
43.Ke3 f5
{ resign }
0-1